书目信息 |
| 题名: |
战后英国政治史
|
|
| 作者: | 斯克德 , 库克 著 ;王子珍 , 秦新民 译 | |
| 分册: | ||
| 出版信息: | 北京 世界知识出版社 1985 |
|
| 页数: | 299页 | |
| 开本: | 19cm | |
| 丛书名: | 西欧译丛 | |
| 单 册: | ||
| 中图分类: | D756.1 | |
| 科图分类: | ||
| 主题词: | 政治--英国 | |
| 电子资源: | ||
| ISBN: | ||
| 000 | 00896nam2 2200301 45 | |
| 001 | 0185002044 | |
| 005 | 20050627155933.8 | |
| 010 | @dCNY1.50 | |
| 091 | @a3003.1714 | |
| 100 | @a19900823d1985 kemy0chiy0121 ea | |
| 101 | 1 | @achi@ceng |
| 102 | @aCN@b110000 | |
| 105 | @ay z 000yy | |
| 200 | 10 | @a战后英国政治史@Azhan hou ying guo zheng zhi shi@f(英)阿伦·斯克德,克里斯·库克著@F(Ying)A Lun·Si Ke De,Ke Li Si·Ku Ke Zhu@g王子珍,秦新民译 |
| 210 | @a北京@c世界知识出版社@d1985 | |
| 215 | @a299页@d19cm | |
| 225 | 2 | @a西欧译丛 |
| 300 | @a根据英国企鹅出版社1980年版本译出 | |
| 410 | 0 | @120010@a西欧译丛 |
| 606 | @a政治@y英国 | |
| 690 | @aD756.1@v3 | |
| 701 | 0 | @a斯克德@4著 |
| 701 | 0 | @a库克@4著 |
| 702 | 0 | @a王子珍@Awang zi zhen@4译 |
| 702 | 0 | @a秦新民@Aqin xin min@4译 |
| 801 | 0 | @aCN@b深圳图书馆@c20040425 |
| 801 | 2 | @aCN@bNLC@c20040425 |
| 905 | @dD756.1@e85@b153767@f1 | |
| 战后英国政治史/(英)阿伦·斯克德,克里斯·库克著/王子珍,秦新民译.-北京:世界知识出版社,1985 |
| 299页;19cm.-(西欧译丛) |
| 根据英国企鹅出版社1980年版本译出 |
| ISBN :CNY1.50 |
| ● |
| 相关链接 |
|
|
|
|
正题名:战后英国政治史
索取号:D756.1/85
 
预约/预借
| 序号 | 登录号 | 条形码 | 馆藏地/架位号 | 状态 | 备注 |
| 1 | 0153765 | 001014510 | 第一借阅区/ [索取号:D756.1/85] | 在馆 | |
| 2 | 0153766 | 001014529 | 密集书库/ [索取号:D756.1/85] | 在馆 |